[Event "Karvina op"]
[Site "Karvina"]
[Date "2012.07.04"]
[Round "5"]
[White "Chlevistan, Jakub"]
[Black "Olszewski, Jerzy"]
[Result "1-0"]
[WhiteElo "2101"]
[BlackElo "1835"]
[PlyCount "69"]
[EventDate "2012.06.30"]
[EventType "swiss"]
[EventRounds "9"]
[EventCountry "CZE"]
[SourceTitle "EXT 2014"]
[Source "ChessBase"]
[SourceDate "2013.11.20"]
[SourceVersion "1"]
[SourceVersionDate "2013.11.20"]
[SourceQuality "1"]

1. Nf3 c5 2. c4 Nc6 3. d4 cxd4 4. Nxd4 g6 5. e4 Bg7 6. Be3 Nf6 7. Nc3 0-0 8. Be2 Nxd4 9. Bxd4 d6 10. 0-0 Bd7 11. f3 Ne8 12. Rc1 Bxd4+ 13. Qxd4 Nc7 14. Rfd1 Ne6 15. Qe3 Qe8 16. Rd2 Bc6 17. b4 b6 18. f4 Kg7 19. f5 Nd8 20. f6+ exf6 21. Rxd6 Nb7 22. Rd3 Qe5 23. b5 Be8 24. Rd5 Qe7 25. Rf1 Bd7 26. e5 f5 27. Rd4 Be6 28. Nd5 Qc5 29. Rfd1 Rad8 30. Bf3 Na5 31. Qg5 Rd7 32. Kh1 Nxc4 33. Rh4 Rh8 34. Qf6+ Kg8 35. Qxe6 1-0

[Event "Polanica Zdroj op-B 47th"]
[Site "Polanica Zdroj"]
[Date "2011.??.??"]
[Round "3"]
[White "Drazek, Wladyslaw"]
[Black "Olszewski, Jerzy"]
[Result "1-0"]
[WhiteElo "2063"]
[BlackElo "1885"]
[PlyCount "62"]
[EventDate "2011.08.18"]
[EventType "swiss"]
[EventRounds "9"]
[EventCountry "POL"]
[SourceTitle "CBM 144 Extra"]
[Source "ChessBase"]
[SourceDate "2011.10.28"]
[SourceVersion "1"]
[SourceVersionDate "2011.10.28"]
[SourceQuality "1"]

1. d4 d5 2. Nf3 g6 3. c4 c6 4. Nc3 Nf6 5. e3 Bg4 6. Be2 Bxf3 7. Bxf3 e6 8. 0-0 Bg7 9. Qb3 Qb6 10. Qa4 0-0 11. Rb1 Nbd7 12. b3 Qc7 13. Bb2 Rfe8 14. Rfc1 Qd8 15. cxd5 exd5 16. Qb4 Nb6 17. Na4 Nxa4 18. bxa4 Qd7 19. Bc3 Rab8 20. Be1 Bf8 21. Qb3 Bd6 22. Rc2 Rec8 23. g3 Ne8 24. e4 dxe4 25. Bxe4 Nf6 26. Bf3 Re8 27. Bd2 Bf8 28. Bf4 Bd6 29. Be3 Qe6 30. Rcb2 Nd5 31. Re1 Qd7 1-0

[Event "Polanica Zdroj op-B 47th"]
[Site "Polanica Zdroj"]
[Date "2011.??.??"]
[Round "1"]
[White "Kwiatkowski, Zygmunt"]
[Black "Olszewski, Jerzy"]
[Result "1/2-1/2"]
[WhiteElo "1613"]
[BlackElo "1885"]
[PlyCount "110"]
[EventDate "2011.08.18"]
[EventType "swiss"]
[EventRounds "9"]
[EventCountry "POL"]
[SourceTitle "CBM 144 Extra"]
[Source "ChessBase"]
[SourceDate "2011.10.28"]
[SourceVersion "1"]
[SourceVersionDate "2011.10.28"]
[SourceQuality "1"]

1. c4 e5 2. Nc3 Nf6 3. g3 g6 4. Bg2 Bg7 5. d3 0-0 6. e3 d6 7. Nge2 Nc6 8. 0-0 Bd7 9. h3 Rb8 10. Rb1 h6 11. a3 Nh7 12. e4 Ng5 13. Kh2 Ne6 14. b4 b6 15. Be3 a5 16. b5 Ne7 17. Qd2 Kh7 18. f4 exf4 19. gxf4 f5 20. Rf2 Ng8 21. exf5 gxf5 22. Rg1 Ne7 23. Bf3 Qe8 24. Rfg2 Rg8 25. Nd5 Nxd5 26. Bxd5 Qf7 27. a4 Bf6 28. Ng3 Bh8 29. Ne2 Rxg2+ 30. Rxg2 Qe7 31. Ng3 Rf8 32. Re2 Qd8 33. Rg2 Qh4 34. Ne2 Nc5 35. Bxc5 dxc5 36. Ng3 Bd4 37. Ne2 Bf6 38. Qd1 Re8 39. Qg1 Be6 40. Bf3 Bf7 41. Qf2 Qxf2 42. Rxf2 Rd8 43. Ng3 Rxd3 44. Nxf5 Bxc4 45. Be4 Rc3 46. Rg2 Bd3 47. Bxd3 Rxd3 48. Rg3 Rd5 49. Ne3 Rd4 50. Rf3 h5 51. Kg3 Kg6 52. f5+ Kf7 53. Kg2 Rxa4 54. Nd5 Be5 55. Rd3 Ra2+ 1/2-1/2

[Event "Bialystok Bieluczyk Memorial-B 2nd"]
[Site "Bialystok"]
[Date "2010.06.29"]
[Round "5"]
[White "Bondarets, Vadim"]
[Black "Olszewski, Jerzy"]
[Result "1-0"]
[WhiteElo "2347"]
[BlackElo "1895"]
[PlyCount "61"]
[EventDate "2010.06.26"]
[EventType "swiss"]
[EventRounds "9"]
[EventCountry "POL"]
[SourceTitle "EXT 2012"]
[Source "ChessBase"]
[SourceDate "2011.11.24"]
[SourceVersion "1"]
[SourceVersionDate "2011.11.24"]
[SourceQuality "1"]

1. d4 d5 2. c4 c6 3. Nf3 Nf6 4. Nc3 g6 5. Bf4 Bg7 6. e3 0-0 7. Bd3 Bg4 8. h3 Bxf3 9. Qxf3 e6 10. 0-0 Nbd7 11. Rfc1 Re8 12. Bh2 dxc4 13. Bxc4 Nd5 14. Ne4 N7b6 15. Nd6 Re7 16. Bb3 Rd7 17. Ne4 Bf8 18. Nc5 Bxc5 19. dxc5 Nc8 20. e4 Nc7 21. Rd1 Ne8 22. Bf4 Qe7 23. h4 Kg7 24. h5 g5 25. Rxd7 Qxd7 26. Bxg5 f6 27. h6+ Kg6 28. Be3 b6 29. Qg4+ Kf7 30. e5 b5 31. exf6 1-0

[Event "Bialystok Bieluczyk Memorial-B 2nd"]
[Site "Bialystok"]
[Date "2010.06.27"]
[Round "3"]
[White "Olszewski, Jerzy"]
[Black "Stepanova, Faina"]
[Result "1-0"]
[WhiteElo "1895"]
[BlackElo "1456"]
[PlyCount "47"]
[EventDate "2010.06.26"]
[EventType "swiss"]
[EventRounds "9"]
[EventCountry "POL"]
[SourceTitle "EXT 2012"]
[Source "ChessBase"]
[SourceDate "2011.11.24"]
[SourceVersion "1"]
[SourceVersionDate "2011.11.24"]
[SourceQuality "1"]

1. e4 e5 2. Nf3 Nc6 3. Bc4 Be7 4. 0-0 Nf6 5. d3 0-0 6. c3 d5 7. exd5 Nxd5 8. Re1 Bf6 9. a4 Bg4 10. h3 Bh5 11. a5 a6 12. g4 Bg6 13. Qb3 Nf4 14. Bxf4 exf4 15. d4 Rb8 16. Qd1 b5 17. axb6 Rxb6 18. b4 Nb8 19. Nbd2 Re8 20. Qa4 Rxe1+ 21. Rxe1 Be7 22. Ne5 Bd6 23. Nxg6 hxg6 24. Re8+ 1-0

[Event "POL-ch disabled"]
[Site "Rowy"]
[Date "2009.09.01"]
[Round "1.34"]
[White "Olszewski, Jerzy"]
[Black "Ostrowski, Michal"]
[Result "1-0"]
[WhiteElo "1915"]
[BlackElo "1413"]
[PlyCount "120"]
[EventDate "2009.09.01"]
[EventType "swiss"]
[EventRounds "9"]
[EventCountry "POL"]
[SourceTitle "EXT 2023"]
[Source "ChessBase"]
[SourceDate "2022.10.05"]
[SourceVersion "1"]
[SourceVersionDate "2022.10.05"]
[SourceQuality "1"]

1. e4 Nc6 2. Nf3 e5 3. Bc4 Nf6 4. d3 Bc5 5. c3 d6 6. a4 a6 7. a5 Ne7 8. Be3 Bxe3 9. fxe3 b5 10. axb6 cxb6 11. 0-0 b5 12. Bxb5+ Bd7 13. Bc4 Qb6 14. Qe2 Ng4 15. Re1 0-0 16. h3 Nf6 17. Kh2 Bb5 18. Na3 Bc6 19. Rab1 Rfe8 20. Ba2 Qa5 21. Ra1 Qc7 22. Kg1 Ng6 23. Nc4 Kf8 24. Qf2 d5 25. exd5 Bxd5 26. Nfd2 e4 27. d4 Re6 28. Na3 Bxa2 29. Rxa2 Rd8 30. Nf1 Qa5 31. b4 Qg5 32. c4 h5 33. Qg3 Qxg3 34. Nxg3 h4 35. Ne2 Nh5 36. Rf1 Ng3 37. Rf2 Ne7 38. Kh2 Nef5 39. Nc2 g6 40. Nc3 Ra8 41. d5 Re5 42. c5 Ne7 43. d6 Nd5 44. Nxd5 Rxd5 45. Nd4 Ke8 46. Ra3 f5 47. Ra1 Kd7 48. Kg1 g5 49. Rfa2 f4 50. Rxa6 Rxa6 51. Rxa6 fxe3 52. Ra7+ Kc8 53. c6 Rxd6 54. Ra8+ Kc7 55. Nb5+ Kxc6 56. Nxd6 Kxd6 57. Rc8 Ke5 58. b5 Nf5 59. b6 Nd6 60. Rc7 Kf4 1-0

[Event "Polanica Zdroj op Seniors 44th"]
[Site "Polanica Zdroj"]
[Date "2008.08.20"]
[Round "1.2"]
[White "Olszewski, Jerzy"]
[Black "Szczepaniec, Stanislaw"]
[Result "0-1"]
[WhiteElo "1901"]
[BlackElo "2171"]
[PlyCount "62"]
[EventDate "2008.08.19"]
[EventType "swiss"]
[EventRounds "9"]
[EventCountry "POL"]
[SourceTitle "EXT 2023"]
[Source "ChessBase"]
[SourceDate "2022.10.05"]
[SourceVersion "1"]
[SourceVersionDate "2022.10.05"]
[SourceQuality "1"]

1. e4 c5 2. g3 d5 3. e5 Nc6 4. f4 g6 5. Bg2 Nh6 6. Nf3 Bg7 7. Nc3 0-0 8. d3 Rb8 9. 0-0 e6 10. h3 b5 11. Ne2 b4 12. Be3 Qe7 13. Kh2 f6 14. exf6 Bxf6 15. c3 Nf5 16. Bf2 Ba6 17. Qd2 Rfd8 18. Rfe1 d4 19. c4 Bb7 20. Neg1 Re8 21. Re2 Qd6 22. g4 Ne3 23. Bxe3 dxe3 24. Qxe3 g5 25. Kh1 gxf4 26. Qf2 Nd4 27. Rd2 b3 28. a3 Nc2 29. Rb1 Ne3 30. Ne2 Nxg2 31. Kxg2 e5 0-1

[Event "Kowalewo Pomorskie op-B"]
[Site "Kowalewo Pomorskie"]
[Date "2007.07.14"]
[Round "9.19"]
[White "Kuban, Wieslaw"]
[Black "Olszewski, Jerzy"]
[Result "1/2-1/2"]
[WhiteElo "1805"]
[BlackElo "1964"]
[PlyCount "51"]
[EventDate "2007.07.04"]
[EventType "swiss"]
[EventRounds "9"]
[EventCountry "POL"]
[SourceTitle "EXT 2023"]
[Source "ChessBase"]
[SourceDate "2022.10.05"]
[SourceVersion "1"]
[SourceVersionDate "2022.10.05"]
[SourceQuality "1"]

1. e4 e5 2. Nf3 Nc6 3. Bc4 Bc5 4. c3 d6 5. d4 exd4 6. cxd4 Bb6 7. h3 Nf6 8. Nc3 h6 9. Be3 0-0 10. d5 Ne7 11. Nd4 Ng6 12. Qc2 a6 13. 0-0-0 Re8 14. g4 Nh7 15. f4 Ngf8 16. Qg2 Kh8 17. h4 Nd7 18. Bd3 c5 19. Nf5 Ndf8 20. h5 f6 21. Bf2 Ba7 22. Rde1 Bxf5 23. gxf5 Re7 24. Bh4 Nd7 25. Re2 b5 26. e5 1/2-1/2

[Event "POL-ch disabled"]
[Site "Chotowa"]
[Date "2007.05.29"]
[Round "5.5"]
[White "Olszewski, Jerzy"]
[Black "Relidzynski, Tadeusz"]
[Result "1/2-1/2"]
[WhiteElo "1946"]
[BlackElo "1995"]
[PlyCount "41"]
[EventDate "2007.05.26"]
[EventType "swiss"]
[EventRounds "9"]
[EventCountry "POL"]
[SourceTitle "EXT 2023"]
[Source "ChessBase"]
[SourceDate "2022.10.05"]
[SourceVersion "1"]
[SourceVersionDate "2022.10.05"]
[SourceQuality "1"]

1. e4 c5 2. g3 Nc6 3. Bg2 g6 4. Ne2 Bg7 5. c4 e6 6. Nbc3 Nge7 7. 0-0 a6 8. d3 Rb8 9. Be3 d6 10. Qd2 h5 11. h3 b5 12. Rab1 b4 13. Nd1 Nd4 14. Bxd4 cxd4 15. f4 f5 16. Nf2 0-0 17. Kh1 e5 18. h4 Qc7 19. Kh2 a5 20. Nh3 Bf6 21. Rf2 1/2-1/2

[Event "Rowy Seniors op 7th"]
[Site "Rowy"]
[Date "2003.09.06"]
[Round "7"]
[White "Olszewski, Jerzy"]
[Black "Rybak, Jozef"]
[Result "0-1"]
[WhiteElo "2108"]
[BlackElo "2028"]
[PlyCount "58"]
[EventDate "2003.08.??"]
[EventType "swiss"]
[EventRounds "9"]
[EventCountry "POL"]
[SourceTitle "EXT 2006"]
[Source "ChessBase"]
[SourceDate "2005.11.24"]
[SourceVersion "1"]
[SourceVersionDate "2005.11.24"]
[SourceQuality "1"]

1. e4 e6 2. g3 c5 3. e5 d5 4. exd6 Bxd6 5. d3 Nc6 6. Bg2 Qb6 7. Ne2 Nge7 8. 0-0 0-0 9. c3 e5 10. Qc2 Bf5 11. Nd2 Qa6 12. Ne4 Rfd8 13. Be3 b6 14. Rfd1 Rac8 15. Bg5 f6 16. Be3 Bb8 17. f4 Nd5 18. Bc1 Nce7 19. fxe5 fxe5 20. h3 b5 21. a3 Qb6 22. Kh2 Qg6 23. Bf3 h5 24. Ng1 Nf6 25. Be3 Ned5 26. Bf2 Qh6 27. Qe2 Ng4+ 28. Kg2 Nge3+ 29. Kh2 h4 0-1

[Event "Rowy Seniors op 7th"]
[Site "Rowy"]
[Date "2003.09.01"]
[Round "2"]
[White "Zasztowt, Janusz"]
[Black "Olszewski, Jerzy"]
[Result "0-1"]
[WhiteElo "2000"]
[BlackElo "2108"]
[PlyCount "33"]
[EventDate "2003.08.??"]
[EventType "swiss"]
[EventRounds "9"]
[EventCountry "POL"]
[SourceTitle "EXT 2006"]
[Source "ChessBase"]
[SourceDate "2005.11.24"]
[SourceVersion "1"]
[SourceVersionDate "2005.11.24"]
[SourceQuality "1"]

1. e4 e5 2. Nf3 Nc6 3. Bc4 Bc5 4. c3 d6 5. b4 Bb6 6. a4 a6 7. d3 Nf6 8. Bb2 0-0 9. Nbd2 Bg4 10. h3 Be6 11. a5 Ba7 12. b5 axb5 13. Bxb5 Ne7 14. c4 Ng6 15. g3 Rb8 16. Bc3 h6 17. Nf1 0-1